000 00356nam a2200133Ia 4500
008 240624s9999 xx 000 0 und d
041 _aeng
082 _a338.4 GAM
100 _aGAMMELGAARD JENS
245 _aGLOBAL BREWERY INDUSTRY MARKETS STRATEGI
260 _c2013
_aUnited Kingdom
_bEdward Elgar
300 _axii, 337 p.; 23 cm.
365 _cBPS
_b33
999 _c32236
_d32236